000 01590cab a2200301 4500
001 ABS54522
008 090401t1996 xxu||||| |||| 00| 0 eng d
035 _a(Sirsi) u10951
041 _aeng
245 _aBellamy and Bellamy v Great Yarmouth BC
260 _c1996
350 _a0
490 _aRating & Valuation Reporter
_v(1996) RVR 36(2), 41-48(8)
520 _aLT 13 June 1995. G compulsorily purchased B`s freehold interest in buildings (one of which was listed) at 32/33 Baker Street, Gorleston-on-Sea. G retained contiguous property at number 34. B sought compensation of £60,833, treating the subject as two separate units, referring to five comparable properties for rent and yield figures, adding for loss of value to retained land and suggesting delay by G in its acquisition had resulted in the valuation date occuring at a time of reduced demand for commercial property. G assessed compensation at £1 as costs for repair and conversion exceeded market value. "Held" compensation payable at £20,000; market value £17,500 plus £2,500 for severance and injurious affection.
650 _aBELLAMY AND BELLAMY V GREAT YARMOUTH BC
650 _aCOMPENSATION
650 _aCompulsory purchase
_96228
650 _aCONVERSION
650 _aFREEHOLD INTEREST
650 _aINJURIOUS AFFECTION
650 _aLISTED BUILDING
650 _aREDEVELOPMENT COSTS
650 _aREPAIR COSTS
650 _aSEVERANCE
690 _aENVIRONMENTAL AND LAND CONSULTANCY-PLANNING AND DEVELOPMENT-COMPULSORY PURCHASE AND COMPENSATION
942 _n0
948 _c04/03/1997
999 _c6976
_d6976